|
|
|
|
| LEADER |
01159nam a2200277 a 4500 |
| 001 |
12721477 |
| 008 |
090615r20042003 njuab b 001 0 eng d |
| 010 |
|
|
|a 2002021821
|
| 020 |
|
|
|a 8120323769
|
| 020 |
|
|
|a 0130922064
|
| 040 |
|
|
|a DLC
|c DLC
|d DLC
|
| 082 |
0 |
|
|a 658.4/038/0285574
|2 21
|
| 100 |
1 |
|
|a Marakas, George M.
|
| 245 |
1 |
0 |
|a Decision support systems in the 21st century /
|c George M. Marakas.
|
| 250 |
|
|
|a 2nd ed.
|
| 260 |
|
|
|a Upper Saddle River, NJ ;
|a New Delhi :
|b Prentice Hall,
|c c2003.
|
| 300 |
|
|
|a xxiii, 611 p. :
|b ill., maps ;
|c 25 cm.
|
| 504 |
|
|
|a Includes bibliographical references (p. 595-602) and index.
|
| 541 |
1 |
|
|e 00012909
|
| 650 |
|
0 |
|a Decision support systems.
|
| 650 |
|
0 |
|a Database management.
|
| 650 |
|
0 |
|a Data mining.
|
| 852 |
4 |
|
|a Ayesha Abed Library
|j General shelf
|
| 999 |
|
|
|c 1396
|d 1396
|
| 952 |
|
|
|0 0
|1 0
|2 ddc
|4 0
|6 658_403802855740000_MAR
|7 0
|9 1276
|a BRACUL
|b BRACUL
|c GEN
|d 2009-06-25
|g 415.00
|l 0
|o 658.40380285574 MAR
|p 3010012909
|r 2009-06-25
|t 1
|w 2009-06-25
|y BK
|
| 952 |
|
|
|0 0
|1 0
|2 ddc
|4 0
|6 658_403802855740000_MAR
|7 0
|9 18645
|a BRACUL
|b BRACUL
|c GEN
|d 2011-11-23
|g 415.00
|l 0
|o 658.40380285574 MAR
|p 3010012910
|r 2011-11-23
|t 1
|w 2011-11-23
|y BK
|